| 000 | 00585nam a22001937a 4500 | ||
|---|---|---|---|
| 003 | OSt | ||
| 005 | 20260430055646.0 | ||
| 008 | 260430b |||||||| |||| 00| 0 eng d | ||
| 020 | _a9789712717888 | ||
| 040 |
_aDWCL GS lib _cOC |
||
| 082 | _aRes.(Fil.) 510 J54s 2004 | ||
| 100 | _aJensen, Lacsamana Paz | ||
| 245 |
_aSpeed Math : _bSubtraction & Addition _cPaz Lacsamana Jensen |
||
| 260 |
_aPhilippines _bANVIL PUBLISHING, INC. _cc2004. |
||
| 300 |
_axii, 167 pages: _billustrations _c22cm. |
||
| 546 | _aEnglish | ||
| 650 | _aMath | ||
| 942 |
_2ddc _cBK-0 CIRC _hRes.(Fil.) _n0 |
||
| 999 |
_c10134 _d10134 |
||